Fundamentals of library management / (Record no. 83705)

MARC details
000 -LEADER
fixed length control field 00879nam a22002537a 4500
005 - DATE AND TIME OF LATEST TRANSACTION
control field 20180308123233.0
010 ## - LCCN (DPL NO)
LC control number ENG-109773
020 ## - INTERNATIONAL STANDARD BOOK NUMBER
International Standard Book Number 9789382730019
Terms of availability 995.00
035 ## - SYSTEM CONTROL NUMBER
System control number EN-93306
035 ## - SYSTEM CONTROL NUMBER
System control number B-536718
035 ## - SYSTEM CONTROL NUMBER
System control number B-667695
037 ## - SOURCE OF ACQUISITION
Source of stock number/acquisition DBAD/PUB
037 ## - SOURCE OF ACQUISITION
Source of stock number/acquisition KKP/Ven
Stock number dpl
082 ## - DEWEY DECIMAL CLASSIFICATION NUMBER
Classification number 025.1
100 ## - MAIN ENTRY--PERSONAL NAME
Personal name Dhandar, Sangita
245 00 - TITLE STATEMENT
Title Fundamentals of library management /
Statement of responsibility, etc by Sangita Dhandar
260 ## - PUBLICATION, DISTRIBUTION, ETC. (IMPRINT)
Place of publication, distribution, etc Kanpur
Name of publisher, distributor, etc Garima Prakashan
Date of publication, distribution, etc 2013
270 ## - ADDRESS
Address 1st floor, Mayur Park, Basant Vihar Naubasta
City Kanpur
Postal code 208021
300 ## - PHYSICAL DESCRIPTION
Extent 326p.
Dimensions 22cm(Hb)
500 ## - GENERAL NOTE
General note Includes bibliographical references and index
942 ## - ADDED ENTRY ELEMENTS (KOHA)
Source of classification or shelving scheme Dewey Decimal Classification
Item type English Books
Call number suffix DHA
Classification part 025.1
Holdings
Withdrawn status Lost status Not for loan Collection code Home library Current library Date acquired Source of acquisition Cost, normal purchase price Full call number Barcode Copy number Cost, replacement price Koha item type
      Non-fiction Ashok Vihar Ashok Vihar 08/03/2018 KKP/278/24.2.2017/420/15.2.2017/17.3.2017 995.00 025.1 DHA B-667695 1 995.00 English Books
      Non-fiction Bawana Bawana 14/08/2014 KKP/BL3706/28.03.2014/146/25.03.2014/31.03.2014 995.00 025.1 DHA B-536718 1 995.00 English Books
    Not For Loan Non-fiction D.B.Act.Division D.B.Act.Division 22/04/2014 DBAD/PUB 995.00 025.1 DHA EN-93306 1 995.00 English Books

© Delhi Public Library
Hit Counter
free hit counter